00565 a2200205 4500001000700000020001800007040003200025090001300057100002200070245005500092250001100147260001600158300002400174362000900198490001000207650001700217942000700234952009900241999001900340127039 a9788596001274 cEscola Canadense de Niteroi aTeachers aGiovanni, José 10a360º Matemática Fundamental: uma nova abordagem a2. ed. aSão Paulo a800 p., 318 p.bil.0 a20150 a360º 4aMatemática cBK 00104070a12.10b12.10d2024-02-09l0oTeacherspA23070r2024-02-09 21:23:57w2024-02-09yBK c127039d127039